000 00393pab a2200169 454500
008 180718b2006 xxu||||| |||| 00| 0 eng d
100 _aFyfe, Nicholas
245 _a(In) civility and the city
260 _c2006
300 _ap.853-61.
362 _aMay
650 _aUrban development
700 _aKearns, Ade
700 _aBannister, Jon
773 _aUrban Studies
909 _a69922
999 _c69922
_d69922